[Event "Toamna"]
[Site "Balti"]
[Date "2007.11.10"]
[Round "8"]
[White "Coset, Alexandr"]
[Black "Marinica, Marin"]
[Result "1-0"]
[WhiteElo "2282"]
[BlackElo "2124"]
[PlyCount "71"]
[EventDate "2007.11.03"]
[EventType "tourn"]
[EventRounds "11"]
[EventCountry "MDA"]
[SourceTitle "EXT 2023"]
[Source "ChessBase"]
[SourceDate "2022.10.05"]
[SourceVersion "1"]
[SourceVersionDate "2022.10.05"]
[SourceQuality "1"]

1. e4 e5 2. Nf3 Nc6 3. Bc4 Nf6 4. d3 Bc5 5. 0-0 0-0 6. Bb3 d6 7. c3 Bb6 8. Nbd2 Ne7 9. Re1 Ng6 10. Nf1 Qe7 11. Ng3 Be6 12. Bc2 Ng4 13. d4 Nh4 14. h3 Qf6 15. hxg4 Bxg4 16. Nf5 Bxf3 17. gxf3 Nxf5 18. exf5 exd4 19. Qd3 d5 20. Kg2 c5 21. c4 Bc7 22. cxd5 Qd6 23. Rh1 Rfe8 24. Bb3 a6 25. a4 Rab8 26. a5 b5 27. axb6 Rxb6 28. Bc4 Ra8 29. b3 a5 30. Bd2 Rbb8 31. Rh4 Qf6 32. Rah1 h6 33. Rg4 Kf8 34. Bb5 Rd8 35. Bc6 Rab8 36. Qe4 1-0